The Routledge dictionary of English language studies / (Record no. 28744)

MARC details
000 -LEADER
fixed length control field 02449cam a2200421 i 4500
001 - CONTROL NUMBER
control field 19384575
003 - CONTROL NUMBER IDENTIFIER
control field EG-ScBUE
005 - DATE AND TIME OF LATEST TRANSACTION
control field 20200919114414.0
008 - FIXED-LENGTH DATA ELEMENTS--GENERAL INFORMATION
fixed length control field 161123s2007 enk f bd 000 0 eng d
020 ## - INTERNATIONAL STANDARD BOOK NUMBER
International Standard Book Number 9780415351720 (pbk.: alk. paper)
020 ## - INTERNATIONAL STANDARD BOOK NUMBER
International Standard Book Number 0415351723 (pbk.: alk. paper)
035 ## - SYSTEM CONTROL NUMBER
System control number (OCoLC)ocm67921828
040 ## - CATALOGING SOURCE
Original cataloging agency DLC
Language of cataloging eng
Description conventions rda
Transcribing agency DLC
Modifying agency BAKER
-- BWKUK
-- YDXCP
-- YDX
-- UKM
-- OCLNG
-- HEBIS
-- DEBBG
-- OCL
-- EUM
-- OCL
-- OCLCQ
-- DEBSZ
-- TULIB
-- BDX
-- OCLCO
-- OCLCF
-- OCLCQ
-- BEDGE
-- OCLCO
-- OCLCQ
-- BTCTA
-- UV0
-- FN2
-- OCLCQ
-- DLC
-- EG-ScBUE
082 04 - DEWEY DECIMAL CLASSIFICATION NUMBER
Classification number 420.3
Item number PEA
Edition number 22
100 1# - MAIN ENTRY--PERSONAL NAME
Personal name Pearce, Michael
Titles and other words associated with a name (Linguist)
Relator term author.
245 14 - TITLE STATEMENT
Title The Routledge dictionary of English language studies /
Statement of responsibility, etc Michael Pearce.
264 #1 - PUBLICATION, DISTRIBUTION, ETC. (IMPRINT)
Place of publication, distribution, etc London ;
-- New York :
Name of publisher, distributor, etc Routledge,
Date of publication, distribution, etc 2007.
300 ## - PHYSICAL DESCRIPTION
Extent xi, 211 pages ;
Dimensions 23 cm.
336 ## - CONTENT TYPE
Content type term text
Content type code txt
Source rdacontent
337 ## - MEDIA TYPE
Media type term unmediated
Media type code n
Source rdamedia
338 ## - CARRIER TYPE
Carrier type term volume
Carrier type code nc
Source rdacarrier
490 0# - SERIES STATEMENT
Series statement Routledge dictionaries
504 ## - BIBLIOGRAPHY, ETC. NOTE
Bibliography, etc Includes bibliographical references.
520 ## - SUMMARY, ETC.
Summary, etc Defining and discussing important areas of language including discourse analysis, pedagogy, sociolinguistics and literacy, this user-friendly guide contains 600 widely used terms in the study of the English language. It covers the development of the language, its range of regional variation, and contemporary English usage.
650 #7 - SUBJECT ADDED ENTRY--TOPICAL TERM
Topical term or geographic name as entry element English language
General subdivision History
Form subdivision Dictionaries.
Source of heading or term BUEsh
650 #7 - SUBJECT ADDED ENTRY--TOPICAL TERM
Topical term or geographic name as entry element English language
Form subdivision Glossaries, vocabularies, etc.
Source of heading or term BUEsh
650 #7 - SUBJECT ADDED ENTRY--TOPICAL TERM
Topical term or geographic name as entry element Philology
Form subdivision Dictionaries.
Source of heading or term BUEsh
653 ## - INDEX TERM--UNCONTROLLED
Resource For college Humanities: English
Arrived date list September2020
655 ## - INDEX TERM--GENRE/FORM
Form subdivision Reading book
9 (RLIN) 34232
856 41 - ELECTRONIC LOCATION AND ACCESS
Materials specified Table of contents
Uniform Resource Identifier <a href="http://catdir.loc.gov/catdir/toc/ecip0612/2006012397.html">http://catdir.loc.gov/catdir/toc/ecip0612/2006012397.html</a>
856 41 - ELECTRONIC LOCATION AND ACCESS
Materials specified Table of contents
Uniform Resource Identifier <a href="http://bvbr.bib-bvb.de:8991/F?func=service&doc_library=BVB01&doc_number=014774119&line_number=0001&func_code=DB_RECORDS&service_type=MEDIA">http://bvbr.bib-bvb.de:8991/F?func=service&doc_library=BVB01&doc_number=014774119&line_number=0001&func_code=DB_RECORDS&service_type=MEDIA</a>
856 41 - ELECTRONIC LOCATION AND ACCESS
Materials specified Table of contents
Uniform Resource Identifier <a href="http://digitool.hbz-nrw.de:1801/webclient/DeliveryManager?pid=1905546&custom_att_2=simple_viewer">http://digitool.hbz-nrw.de:1801/webclient/DeliveryManager?pid=1905546&custom_att_2=simple_viewer</a>
856 41 - ELECTRONIC LOCATION AND ACCESS
Materials specified Table of contents
Uniform Resource Identifier <a href="http://bvbr.bib-bvb.de:8991/F?func=service&doc_library=BVB01&local_base=BVB01&doc_number=014774119&line_number=0001&func_code=DB_RECORDS&service_type=MEDIA">http://bvbr.bib-bvb.de:8991/F?func=service&doc_library=BVB01&local_base=BVB01&doc_number=014774119&line_number=0001&func_code=DB_RECORDS&service_type=MEDIA</a>
856 42 - ELECTRONIC LOCATION AND ACCESS
Materials specified Publisher description
Uniform Resource Identifier <a href="http://catdir.loc.gov/catdir/enhancements/fy0654/2006012397-d.html">http://catdir.loc.gov/catdir/enhancements/fy0654/2006012397-d.html</a>
906 ## - LOCAL DATA ELEMENT F, LDF (RLIN)
a 7
b cbc
c copycat
d 2
e epcn
f 20
g y-gencatlg
942 ## - ADDED ENTRY ELEMENTS (KOHA)
Source of classification or shelving scheme Dewey Decimal Classification
Koha item type Reference (NB)
Holdings
Withdrawn status Lost status Source of classification or shelving scheme Damaged status Not for loan Collection code Home library Current library Shelving location Date acquired Source of acquisition Total Checkouts Full call number Barcode Date last seen Price effective from Koha item type
    Dewey Decimal Classification     Baccah Central Library Central Library Second Floor 19/09/2020 Purchase   420.3 PEA 000049698 15/07/2025 19/09/2020 Reference (NB)